Gagak dengan biawak dan monyet yang mengantuk (Record no. 36935)

MARC details
000 -LEADER
fixed length control field 00810nam a2200277 i 4500
001 - CONTROL NUMBER
control field C2-0125447
003 - CONTROL NUMBER IDENTIFIER
control field PPAK
005 - DATE AND TIME OF LATEST TRANSACTION
control field 20180727115156.0
008 - FIXED-LENGTH DATA ELEMENTS--GENERAL INFORMATION
fixed length control field 970910s1995 my a|||| ||||| | may d
020 ## - INTERNATIONAL STANDARD BOOK NUMBER
International Standard Book Number 9839817353
040 ## - CATALOGING SOURCE
Original cataloging agency PPAK
Language of cataloging eng
Transcribing agency PPAK
Description conventions rda
082 04 - DEWEY DECIMAL CLASSIFICATION NUMBER
Classification number 398.22
Edition number 23
090 00 - LOCALLY ASSIGNED LC-TYPE CALL NUMBER (OCLC); LOCAL CALL NUMBER (RLIN)
Classification number (OCLC) (R) ; Classification number, CALL (RLIN) (NR) 398.22
Feature heading ONG
Feature heading K
100 1# - MAIN ENTRY--PERSONAL NAME
Personal name Ong, Johnny,
Relator term author
245 10 - TITLE STATEMENT
Title Gagak dengan biawak dan monyet yang mengantuk
264 #1 - PRODUCTION, PUBLICATION, DISTRIBUTION, MANUFACTURE, AND COPYRIGHT NOTICE
Place of production, publication, distribution, manufacture Petaling Jaya, Selangor :
Name of producer, publisher, distributor, manufacturer Didika Sdn. Bhd. ,
Date of production, publication, distribution, manufacture, or copyright notice 1995
300 ## - PHYSICAL DESCRIPTION
Extent 24 pages :
Other physical details colour illustrations ;
Dimensions 21 cm
336 ## - CONTENT TYPE
Source rdacontent
Content type term text
337 ## - MEDIA TYPE
Source rdamedia
Media type term unmediated
338 ## - CARRIER TYPE
Source rdacarrier
Carrier type term volume
490 1# - SERIES STATEMENT
Series statement Siri bacaan rintis
500 ## - GENERAL NOTE
General note Dua cerita dongeng Filipina
650 10 - SUBJECT ADDED ENTRY--TOPICAL TERM
Topical term or geographic name entry element Folk literature, Malay.
830 #0 - SERIES ADDED ENTRY--UNIFORM TITLE
Uniform title Siri bacaan rintis
942 ## - ADDED ENTRY ELEMENTS (KOHA)
-- dc
Koha item type Book
Holdings
Withdrawn Not for loan Current library Shelving location Date acquired Full call number Barcode Date last seen Koha item type Total Checkouts Date last checked out
    Perpustakaan Awam Sungai Petani Pinjaman Kanak-kanak 24/11/2003 K 398.22 ONG A00403034 29/02/2020 Book 1 05/02/2020
    PD13, KEDA Lahar Tunjung, Pendang Pinjaman Kanak-kanak 23/02/1998 K 398.22 ONG A00122544 08/05/2018 Book    
    PD14, Felda Sungai Tiang, Pendang Pinjaman Kanak-kanak 23/02/1998 K 398.22 ONG A00122545 08/05/2018 Book    
    PD14, Felda Sungai Tiang, Pendang Pinjaman Kanak-kanak 23/02/1998 K 398.22 ONG A00122546 08/05/2018 Book